000 00831nac a22002537a 4500
001 BR0402972
003 BR-BrBNA
005 20240105123017.0
008 230509b bl.|||m| |||| 00| 0 por d
040 _aBR-BrBNA
_bpor
_cBiblioteca Nacional de Agricultura
072 _aL02; N20
090 _a5300 BR0402972
100 1 _aLima, G.J.M.M.Crippa, J.
110 1 _aCentro Nacional de Pesquisa de Suínos e Aves, Concórdia, SC (Brasil)
245 1 _aComedouro semi-automático para porcas em lactação
260 3 _aConcórdia, SC (Brasil):
_c1989.
300 _a2 p.
490 _aComunicado Técnico - Centro Nacional dfe Pesquisa de Suínos e Aves (Brazil)
_vno. 146
_x
650 _aPORCA
650 _aLACTAÇÃO
650 _aCOMEDOURO
909 _a202312
_bLúcia Elande
_c55
_dLúcia Elande
942 _2AGRIS
_n0
_cMS
999 _c293629
_d293629